000 01870nam0a2200361 i 4500
001 RU\NLR\BIBL_A\010524681
005 20260405083703.0
010 _a9785790415197
_9500
021 _aRU
_b2014-63556
_93870
021 _aRU
_b2014-63556
_94246
035 _a(NILC)RuMoRGB-007542530
035 _a(NLR Aleph) 010524681
090 _a10229973
_c10229973
100 _a20141107d2013 km y0rusy50 ca
101 0 _arus
102 _aRU
105 _ay|||z|||000yy
200 1 _aВопросы становления и развития частного сектора высшего образования в России, странах СНГ и Балтии
_eмонография
_fВ. И. Степанов
_gАлт. экономико-юрид. ин-т
210 _aБарнаул
_cИзд-во Алтайского университета
_d2013
215 _a543 с.
_d22
320 _aБиблиогр.: с. 527-543 (286 назв.) и в подстроч. примеч.
606 1 _aНегосударственное высшее образование
_yСтраны СНГ
_92613519
_3RU\NLR\AUTH\661550077
606 1 _aНегосударственное высшее образование
_yСтраны Балтийского региона
_92613520
_3RU\NLR\AUTH\661550078
606 1 _aНегосударственное высшее образование
_xИстория
_yРоссия
_92319465
_3RU\NLR\AUTH\661387687
686 1 _aЧ483(2)
686 1 _aЧ484(2)
686 1 _aЧ484(41)
700 1 _8rus
_7ca
_aСтепанов
_bВ. И.
_cканд. пед. наук, экономика и юриспруденция
_f1956-
_gВиктор Иванович
_3RU\NLR\AUTH\7730075
_913102
801 0 _aRU
_bРГБ
_c20140827
_gRCR
942 _cBOOK
980 _aNBR